000 00344nam a2200145Ia 4500
005 20251222152043.0
008 251222s9999||||xx |||||||||||||| ||spa||
020 _a108420548472
082 _a546/H78
100 _aHousecroft, Catherine
245 0 _aQuímica Inorgánica
250 _a2da. ed.
264 _bPearson Education
942 _cLIB
999 _c26106
_d26106